Adolescence
Contents of this book is the nature of adolescent development; biological and cognitive development; social, emotional, and personality development; the contexts of adolescent development; adolescent problems.
সংরক্ষণ করুন:
| প্রধান লেখক: | |
|---|---|
| বিন্যাস: | গ্রন্থ |
| ভাষা: | Undetermined |
| প্রকাশিত: |
Boston
McGraw-Hill
2005
|
| বিষয়গুলি: | |
| ট্যাগগুলো: |
ট্যাগ যুক্ত করুন
কোনো ট্যাগ নেই, প্রথমজন হিসাবে ট্যাগ করুন!
|
| Thư viện lưu trữ: | Trung tâm Học liệu Trường Đại học Cần Thơ |
|---|
| LEADER | 00813nam a2200205Ia 4500 | ||
|---|---|---|---|
| 001 | CTU_213507 | ||
| 008 | 210402s9999 xx 000 0 und d | ||
| 082 | |a 305.235 | ||
| 082 | |b S237 | ||
| 100 | |a Santrock, John W. | ||
| 245 | 0 | |a Adolescence | |
| 245 | 0 | |c John W. Santrock | |
| 260 | |a Boston | ||
| 260 | |b McGraw-Hill | ||
| 260 | |c 2005 | ||
| 520 | |a Contents of this book is the nature of adolescent development; biological and cognitive development; social, emotional, and personality development; the contexts of adolescent development; adolescent problems. | ||
| 650 | |a Adolescence,Adolescent psychology | ||
| 904 | |i Qhieu | ||
| 910 | |a Sách đi kèm với đĩa: AV.000672 , AV.000673 , AV.000671 , AV.000675 , AV.000674, AV.005124 | ||
| 980 | |a Trung tâm Học liệu Trường Đại học Cần Thơ | ||